Statistics for Countries that Beat Dominica

Click here to take the quiz!

General Stats

  • This quiz has been taken 119 times
  • The average score is 6 of 12

Answer Stats

RankCategoryCountries% Correct
8Whose flag has the highest % greenSaudi Arabia | Turkmenistan | Bangladesh |
Zambia | Pakistan | Brazil | Nigeria
84%
3Smallest one-island island nationNauru | Barbados
79%
5Smallest one-word country ending in AMalta | Grenada | Andorra | Tonga
76%
3Southernmost starting with DD.R. Congo | Djibouti
74%
10Most recent to gain independence
from the United Kingdom
Brunei | St. Kitts and Nevis | Antigua and Barbuda |
Belize | Vanuatu | Zimbabwe | Kiribati |
St. Lucia | St. Vincent and the Grenadines
72%
5Longest-serving modern female leaderBangladesh | Germany | India | Iceland
51%
8 (t)Worst average annual growth in HDI
between 2010–2019 [1]
Syria | Libya | Yemen | Venezuela |
East Timor | Lebanon | Jordan
50%
2Closest non-bordering country to
French territories
Canada
34%
2Highest % are Afro-descendants [3]
* outside of Africa
St. Kitts and Nevis
32%
4Oldest average age for first marriage [2]Ireland | Norway | Sweden
25%
2Largest country whose flag has purple in itNicaragua
20%
2World's largest hot springNew Zealand
17%

Score Distribution

Percentile by Number Answered

Percent of People with Each Score

Your Score History

You have not taken this quiz